[Event "3MCR_4D_2LB_4S"]
[Site "?"]
[Date "1999.??.??"]
[Round "4"]
[White "Basta, Josef"]
[Black "Turner, Jan"]
[Result "0-1"]
[WhiteElo "1600"]
[BlackElo "2200"]
[PlyCount "44"]
[EventDate "1999.??.??"]
[EventType "corr"]

1. e4 Nf6 2. Nc3 d5 3. e5 d4 4. exf6 dxc3 5. fxg7 cxd2+ 6. Qxd2 Qxd2+ 7. Bxd2
Bxg7 8. O-O-O Nc6 9. Bb5 Bd7 10. Nf3 O-O-O 11. Ng5 Rdf8 12. Rhe1 e6 13. Be3 a6
14. Bxc6 Bxc6 15. Bc5 Bh6 16. f4 Bxg5 17. fxg5 Rd8 18. g3 Rxd1+ 19. Rxd1 Rd8
20. Rxd8+ Kxd8 21. Kd2 e5 22. Kd3 Kd7 0-1

[Event "3MCR_4D_2LB_4S"]
[Site "?"]
[Date "1999.??.??"]
[Round "4"]
[White "Turner, Jan"]
[Black "Jirk, Ales"]
[Result "0-1"]
[WhiteElo "2200"]
[BlackElo "1800"]
[PlyCount "48"]
[EventDate "1999.??.??"]
[EventType "corr"]

1. g3 d5 2. Bg2 e5 3. Nf3 Nc6 4. O-O e4 5. Ne1 f5 6. d3 Be6 7. Nd2 Nf6 8. Nb3
Bd6 9. Be3 Qe7 10. Qd2 O-O 11. Bf4 Bxf4 12. Qxf4 Nh5 13. Qd2 Rad8 14. e3 Nf6
15. Qc3 Qd6 16. Qc5 d4 17. Qxd6 Rxd6 18. exd4 Nxd4 19. Nc5 Bd5 20. dxe4 fxe4
21. h3 e3 22. f4 Re8 23. b3 e2 24. Rf2 Nf3+ 0-1

[Event "3MCR_4D_2LB_4S"]
[Site "?"]
[Date "1999.??.??"]
[Round "4"]
[White "Basta, Josef"]
[Black "Dopita, Bedrich"]
[Result "0-1"]
[WhiteElo "1600"]
[BlackElo "1800"]
[PlyCount "22"]
[EventDate "1999.??.??"]
[EventType "corr"]

1. Nf3 Nf6 2. Nc3 d5 3. d4 e6 4. Bg5 Be7 5. g3 c5 6. Bg2 Nbd7 7. Qd2 b6 8. dxc5
bxc5 9. O-O O-O 10. Rad1 Rb8 11. b3 Bb7 0-1

[Event "3MCR_4D_2LB_4S"]
[Site "?"]
[Date "1999.??.??"]
[Round "4"]
[White "Glaser, Karel"]
[Black "Dopita, Bedrich"]
[Result "1/2-1/2"]
[WhiteElo "1865"]
[BlackElo "1800"]
[PlyCount "59"]
[EventDate "1999.??.??"]
[EventType "corr"]

1. e4 Nf6 2. e5 Nd5 3. d4 d6 4. c4 Nb6 5. f4 dxe5 6. fxe5 Nc6 7. Be3 Bf5 8. Nc3
e6 9. Nf3 Qd7 10. Be2 O-O-O 11. O-O Bg4 12. c5 Nd5 13. Nxd5 Qxd5 14. Ng5 Bxe2
15. Qxe2 Nxd4 16. Bxd4 Qxd4+ 17. Kh1 Qd2 18. Qxd2 Rxd2 19. Rxf7 Bxc5 20. Nxe6
Bd4 21. Nxd4 Rxd4 22. Rxg7 Re4 23. Re7 Kd8 24. Rf7 Rxe5 25. Rd1+ Kc8 26. Kg1
Rc5 27. Rd2 b5 28. b3 Kb7 29. b4 Rc4 30. a3 1/2-1/2

[Event "3MCR_4D_2LB_4S"]
[Site "?"]
[Date "1999.??.??"]
[Round "4"]
[White "Prochazka, David"]
[Black "Basta, Josef"]
[Result "1-0"]
[WhiteElo "1800"]
[BlackElo "1600"]
[PlyCount "39"]
[EventDate "1999.??.??"]
[EventType "corr"]

1. d4 d5 2. Nf3 Nf6 3. Bf4 Nc6 4. e3 Bf5 5. Bb5 e6 6. Ne5 Nd7 7. Nxc6 bxc6 8.
Bxc6 Rb8 9. b3 Bb4+ 10. c3 Be7 11. O-O O-O 12. c4 dxc4 13. bxc4 Nb6 14. Bg3
Nxc4 15. Qa4 Bd3 16. Rc1 a5 17. Rxc4 Rxb1+ 18. Rxb1 Bxb1 19. Rc1 Bd3 20. Qxa5
1-0

[Event "3MCR_4D_2LB_4S"]
[Site "?"]
[Date "1999.??.??"]
[Round "4"]
[White "Jirusek, Zdenek"]
[Black "Jech, Milos"]
[Result "1/2-1/2"]
[WhiteElo "1990"]
[BlackElo "1800"]
[PlyCount "56"]
[EventDate "1999.??.??"]
[EventType "corr"]

1. e4 c5 2. Nf3 Nc6 3. Bb5 g6 4. O-O Bg7 5. Re1 e5 6. b4 cxb4 7. a3 Nge7 8.
axb4 O-O 9. Bb2 d6 10. Bxc6 Nxc6 11. b5 Ne7 12. d4 Bg4 13. dxe5 Qb6 14. Qxd6
Qxd6 15. exd6 Bxb2 16. dxe7 Bxa1 17. exf8=Q+ Kxf8 18. Nbd2 Bc3 19. Re3 Rc8 20.
Nb3 Bxf3 21. gxf3 Be5 22. Re2 b6 23. h3 Rc4 24. Rd2 Ke7 25. Rd5 Bg7 26. Rd2 Bh6
27. Rd5 Bg7 28. Rd2 Bh6 1/2-1/2

[Event "3MCR_4D_2LB_4S"]
[Site "?"]
[Date "1999.??.??"]
[Round "4"]
[White "Pech, Jaroslav st"]
[Black "Basta, Josef"]
[Result "1-0"]
[WhiteElo "2000"]
[BlackElo "1600"]
[PlyCount "25"]
[EventDate "1999.??.??"]
[EventType "corr"]

1. d4 d5 2. c4 e6 3. Nc3 Nf6 4. Bg5 Be7 5. e3 O-O 6. Nf3 h6 7. Bh4 b6 8. Bd3
Bb7 9. O-O Qd6 10. Nb5 Qd7 11. Ne5 Qd8 12. cxd5 Qxd5 13. f3 1-0

[Event "3MCR_4D_2LB_4S"]
[Site "?"]
[Date "1999.??.??"]
[Round "4"]
[White "Novak, Vaclav I"]
[Black "Basta, Josef"]
[Result "1-0"]
[WhiteElo "1800"]
[BlackElo "1600"]
[PlyCount "33"]
[EventDate "1999.??.??"]
[EventType "corr"]

1. e4 e5 2. f4 d6 3. Nc3 Nc6 4. Nf3 g6 5. fxe5 dxe5 6. Bb5 Bg7 7. Bxc6+ bxc6 8.
O-O Nh6 9. d3 Bg4 10. Be3 O-O 11. h3 Be6 12. Qd2 Ng4 13. hxg4 Bxg4 14. Qf2 f5
15. Bc5 Rf7 16. exf5 Rxf5 17. Qe3 1-0

[Event "3MCR_4D_2LB_4S"]
[Site "?"]
[Date "1999.??.??"]
[Round "4"]
[White "Jirusek, Zdenek"]
[Black "Basta, Josef"]
[Result "1-0"]
[WhiteElo "1990"]
[BlackElo "1600"]
[PlyCount "39"]
[EventDate "1999.??.??"]
[EventType "corr"]

1. e4 e5 2. Nf3 Nc6 3. Bb5 Nf6 4. d4 exd4 5. e5 Ng4 6. Bxc6 dxc6 7. h3 Nh6 8.
Bxh6 gxh6 9. Qxd4 Qxd4 10. Nxd4 Bg7 11. O-O Be6 12. Nxe6 fxe6 13. f4 O-O-O 14.
Nc3 Rhf8 15. Rad1 Rxd1 16. Nxd1 h5 17. g4 hxg4 18. hxg4 Bh6 19. g5 Bg7 20. Ne3
1-0

[Event "3MCR_4D_2LB_4S"]
[Site "?"]
[Date "1999.??.??"]
[Round "4"]
[White "Basta, Josef"]
[Black "Zvolanek, Jan"]
[Result "0-1"]
[WhiteElo "1600"]
[BlackElo "1800"]
[PlyCount "32"]
[EventDate "1999.??.??"]
[EventType "corr"]

1. Nf3 d5 2. e3 Nf6 3. d4 c5 4. c4 e6 5. cxd5 exd5 6. Bb5+ Nc6 7. O-O Bd6 8.
Nc3 O-O 9. dxc5 Bxc5 10. a3 a6 11. Bd3 Bg4 12. h3 Bh5 13. Be2 Re8 14. b4 Bd6
15. Re1 Rc8 16. Bb2 Bb8 0-1

[Event "3MCR_4D_2LB_4S"]
[Site "?"]
[Date "1999.??.??"]
[Round "4"]
[White "Rachunek, Martin"]
[Black "Glaser, Karel"]
[Result "1/2-1/2"]
[WhiteElo "2000"]
[BlackElo "1865"]
[PlyCount "60"]
[EventDate "1999.??.??"]
[EventType "corr"]

1. d4 Nf6 2. Nc3 e6 3. e4 d5 4. Bg5 Be7 5. Bxf6 Bxf6 6. Nf3 O-O 7. Qd2 c5 8. e5
Be7 9. dxc5 Bxc5 10. Be2 Bd7 11. O-O Qc7 12. Bd3 Be7 13. Rfe1 a6 14. a3 Nc6 15.
Qe3 f6 16. exf6 Rxf6 17. Na4 Raf8 18. c3 Rh6 19. h3 b5 20. Nc5 Bxc5 21. Qxc5
Rxf3 22. gxf3 Rxh3 23. Qe3 Qh2+ 24. Kf1 e5 25. Ke2 e4 26. Bxe4 dxe4 27. Qxe4
Qe5 28. Rh1 Rxh1 29. Rxh1 Qf5 30. Rd1 Qf7 1/2-1/2

[Event "3MCR_4D_2LB_4S"]
[Site "?"]
[Date "1999.??.??"]
[Round "4"]
[White "Glaser, Karel"]
[Black "Jech, Milos"]
[Result "1/2-1/2"]
[WhiteElo "1865"]
[BlackElo "1800"]
[PlyCount "88"]
[EventDate "1999.??.??"]
[EventType "corr"]

1. e4 c5 2. Nf3 Nc6 3. Bb5 g6 4. O-O Bg7 5. Re1 e5 6. d3 Nge7 7. Nc3 O-O 8. Bg5
d6 9. Nd5 f6 10. Bc4 Kh8 11. Be3 Nxd5 12. Bxd5 Ne7 13. Bb3 f5 14. Ng5 f4 15.
Bd2 Qe8 16. Be6 Bf6 17. Bxc8 Rxc8 18. Nf3 Qd7 19. Bc3 g5 20. Kh1 g4 21. Nd2 Nc6
22. a4 Bg5 23. f3 g3 24. Nc4 gxh2 25. Kxh2 Rf6 26. Rh1 Rh6+ 27. Kg1 Rxh1+ 28.
Kxh1 Bh4 29. Be1 Bg3 30. Bxg3 fxg3 31. Qd2 Qg7 32. Kg1 Qf6 33. Ne3 Qh4 34. Nf1
Rg8 35. c3 Rg5 36. Qe1 Ne7 37. Rd1 Ng6 38. Rd2 Nf4 39. d4 c4 40. dxe5 Nd3 41.
Rxd3 cxd3 42. exd6 Rh5 43. Nxg3 Qxg3 44. Qxg3 d2 1/2-1/2

[Event "3MCR_4D_2LB_4S"]
[Site "?"]
[Date "1999.??.??"]
[Round "4"]
[White "Jech, Milos"]
[Black "Turner, Jan"]
[Result "1/2-1/2"]
[WhiteElo "1800"]
[BlackElo "2200"]
[PlyCount "73"]
[EventDate "1999.??.??"]
[EventType "corr"]

1. e4 Nf6 2. e5 Nd5 3. d4 d6 4. c4 Nb6 5. f4 dxe5 6. fxe5 c5 7. d5 e6 8. Nc3
exd5 9. cxd5 c4 10. Be3 Bb4 11. Bxb6 Qxb6 12. Qf3 O-O 13. O-O-O Nd7 14. Qg3 Qa6
15. Rd2 b5 16. Kb1 Nc5 17. Qf4 Bxc3 18. bxc3 Qa3 19. Nf3 Na4 20. Be2 Nxc3+ 21.
Ka1 Nxe2 22. Rxe2 Bb7 23. Rd1 Rad8 24. d6 Qc3+ 25. Kb1 Qb4+ 26. Rb2 Qc5 27. Nd4
c3 28. Rc2 Rfe8 29. Rf1 Qxe5 30. Qxf7+ Kh8 31. d7 Rg8 32. Ne6 Be4 33. Nxd8
Bxc2+ 34. Kxc2 Qe2+ 35. Kxc3 Qe3+ 36. Kb4 Qd4+ 37. Kb3 1/2-1/2

[Event "3MCR_4D_2LB_4S"]
[Site "?"]
[Date "1999.??.??"]
[Round "4"]
[White "Jech, Milos"]
[Black "Rachunek, Martin"]
[Result "0-1"]
[WhiteElo "1800"]
[BlackElo "2000"]
[PlyCount "88"]
[EventDate "1999.??.??"]
[EventType "corr"]

1. e4 e5 2. Nf3 Nc6 3. Bb5 f5 4. Nc3 fxe4 5. Nxe4 Nf6 6. Nxf6+ Qxf6 7. O-O Nd4
8. Nxd4 exd4 9. d3 Be7 10. Bc4 c6 11. Qe2 d5 12. Bb3 O-O 13. Bf4 Bg4 14. Qxg4
Qxf4 15. Qd7 Bd6 16. g3 Rf7 17. Qe6 Qf6 18. Rae1 Raf8 19. f4 Bb4 20. Re2 Qxe6
21. Rxe6 g5 22. f5 Rxf5 23. Rxf5 Rxf5 24. Kg2 Bd2 25. Re2 Be3 26. c4 dxc4 27.
Bxc4+ Kg7 28. Be6 Rf8 29. Rc2 h5 30. h3 Kf6 31. Bb3 Ke7 32. Re2 Kd6 33. Bd1 c5
34. a4 a6 35. b3 h4 36. g4 b5 37. Rb2 c4 38. bxc4 bxc4 39. dxc4 Kc5 40. Bf3 d3
41. Rb7 Kxc4 42. Rb1 d2 43. Bd1 Rf2+ 44. Kh1 a5 0-1

[Event "3MCR_4D_2LB_4S"]
[Site "?"]
[Date "1999.??.??"]
[Round "4"]
[White "Pech, Jaroslav st"]
[Black "Jirk, Ales"]
[Result "0-1"]
[WhiteElo "2000"]
[BlackElo "1800"]
[PlyCount "50"]
[EventDate "1999.??.??"]
[EventType "corr"]

1. e4 e6 2. d4 d5 3. Nc3 Nf6 4. Bg5 Be7 5. e5 Nfd7 6. Bxe7 Qxe7 7. f4 O-O 8.
Qd2 c5 9. Nf3 Nc6 10. dxc5 f6 11. exf6 Nxf6 12. O-O-O Qxc5 13. Na4 Qd6 14. Nc3
Qc5 15. g3 Bd7 16. Bg2 b5 17. a3 a5 18. Qd3 b4 19. Na4 Qa7 20. Qb3 Rfc8 21. Kb1
Rab8 22. Rhf1 Qc7 23. Rc1 Ne4 24. Rfd1 Ne7 25. Ne5 Bxa4 0-1

[Event "3MCR_4D_2LB_4S"]
[Site "?"]
[Date "1999.??.??"]
[Round "4"]
[White "Lehovcova, Jana"]
[Black "Pech, Jaroslav st"]
[Result "0-1"]
[WhiteElo "1600"]
[BlackElo "2000"]
[PlyCount "50"]
[EventDate "1999.??.??"]
[EventType "corr"]

1. e4 c6 2. d4 d5 3. Nc3 dxe4 4. Nxe4 Bf5 5. Ng3 Bg6 6. h4 h6 7. Nf3 Nd7 8. h5
Bh7 9. Bd3 Bxd3 10. Qxd3 Qc7 11. Bd2 e6 12. O-O-O Ngf6 13. Rh4 Bd6 14. Re1 Bxg3
15. fxg3 O-O 16. Bf4 Qa5 17. a3 c5 18. Bd6 Rfc8 19. dxc5 Nxc5 20. Qe2 Qb6 21.
Rd1 Nd5 22. Bf4 Nb3+ 23. Kb1 Nc3+ 24. bxc3 Nd4+ 25. Kc1 Nxe2+ 0-1

[Event "3MCR_4D_2LB_4S"]
[Site "?"]
[Date "1999.??.??"]
[Round "4"]
[White "Prochazka, David"]
[Black "Dopita, Bedrich"]
[Result "1-0"]
[WhiteElo "1800"]
[BlackElo "1800"]
[PlyCount "45"]
[EventDate "1999.??.??"]
[EventType "corr"]

1. d4 Nf6 2. Nf3 e6 3. Bf4 b6 4. e3 Bb7 5. Nbd2 d5 6. Bd3 Be7 7. c3 Nbd7 8. Ne5
Nxe5 9. Bxe5 Qc8 10. c4 dxc4 11. Nxc4 Bxg2 12. Rg1 Qb7 13. Nd2 Bc6 14. Rxg7 h5
15. Rc1 Rc8 16. Qe2 Kf8 17. Rg1 Qa8 18. e4 Rh6 19. Qe3 Rg6 20. Rxg6 fxg6 21.
Qh6+ Kf7 22. Bxf6 Bxf6 23. e5 1-0

[Event "3MCR_4D_2LB_4S"]
[Site "?"]
[Date "1999.??.??"]
[Round "4"]
[White "Dopita, Bedrich"]
[Black "Novak, Vaclav I"]
[Result "0-1"]
[WhiteElo "1800"]
[BlackElo "1800"]
[PlyCount "58"]
[EventDate "1999.??.??"]
[EventType "corr"]

1. e4 e5 2. Nc3 Nf6 3. f4 d5 4. fxe5 Nxe4 5. d3 Nxc3 6. bxc3 d4 7. Nf3 Nc6 8.
Be2 Bc5 9. O-O dxc3+ 10. Kh1 O-O 11. Qe1 Nd4 12. Bd1 Nxf3 13. Bxf3 c6 14. Qg3
Qc7 15. Bg5 f5 16. exf6 Qxg3 17. hxg3 gxf6 18. Bh6 Re8 19. Bh5 Re5 20. g4 Bd4
21. g5 f5 22. Rae1 Be3 23. Rf3 f4 24. d4 Re4 25. g3 Be6 26. Kh2 Bd5 27. Rff1
Bf2 28. Rxe4 fxg3+ 29. Kh3 Bxe4 0-1

[Event "3MCR_4D_2LB_4S"]
[Site "?"]
[Date "1999.??.??"]
[Round "4"]
[White "Jirk, Ales"]
[Black "Chvojka, Jaroslav"]
[Result "1/2-1/2"]
[WhiteElo "1800"]
[BlackElo "2065"]
[PlyCount "85"]
[EventDate "1999.??.??"]
[EventType "corr"]

1. e4 c6 2. d4 d5 3. Nd2 dxe4 4. Nxe4 Nd7 5. Ng5 Ngf6 6. Bc4 e6 7. Qe2 Nb6 8.
Bb3 Be7 9. N1f3 O-O 10. O-O a5 11. c3 a4 12. Bc2 c5 13. dxc5 Bxc5 14. Ne5 a3
15. Ng4 Nbd5 16. Nxf6+ Nxf6 17. Nxh7 Nxh7 18. Bxh7+ Kxh7 19. Qh5+ Kg8 20. Qxc5
axb2 21. Bxb2 Qd2 22. Qb4 Rd8 23. Qb3 Qe2 24. Rfe1 Qg4 25. h3 Qf4 26. c4 Rd2
27. Rf1 Rd7 28. Rfd1 Qc7 29. Re1 Ra5 30. Re4 Rg5 31. Qe3 Rg6 32. Rb1 Qc6 33.
Rg4 Rxg4 34. hxg4 f6 35. g5 e5 36. Ba3 Qa4 37. Qb3 Qxb3 38. axb3 Kf7 39. gxf6
gxf6 40. Ra1 Rd3 41. b4 Be6 42. c5 Rb3 43. Kf1 1/2-1/2

[Event "3MCR_4D_2LB_4S"]
[Site "?"]
[Date "1999.??.??"]
[Round "4"]
[White "Prochazka, David"]
[Black "Zvolanek, Jan"]
[Result "1-0"]
[WhiteElo "1800"]
[BlackElo "1800"]
[PlyCount "59"]
[EventDate "1999.??.??"]
[EventType "corr"]

1. d4 d5 2. Nf3 c5 3. c3 e6 4. Bf4 Nc6 5. e3 Nf6 6. Nbd2 Bd6 7. Bg3 Bxg3 8.
hxg3 Qd6 9. Bb5 Nd7 10. Qa4 O-O 11. Qc2 f5 12. O-O-O cxd4 13. exd4 a6 14. Bxc6
bxc6 15. Rde1 c5 16. g4 c4 17. Rh4 g6 18. Reh1 Nf6 19. Ne5 Ra7 20. g5 Nh5 21.
Nf1 Rg7 22. g3 Qe7 23. Qd2 Bd7 24. Nh2 Kh8 25. Nhf3 Ba4 26. Ng1 Rb8 27. Ne2 Qa3
28. bxa3 Rgb7 29. Nxg6+ Kg8 30. Ne7+ 1-0

[Event "3MCR_4D_2LB_4S"]
[Site "?"]
[Date "1999.??.??"]
[Round "4"]
[White "Jech, Milos"]
[Black "Zvolanek, Jan"]
[Result "0-1"]
[WhiteElo "1800"]
[BlackElo "1800"]
[PlyCount "78"]
[EventDate "1999.??.??"]
[EventType "corr"]

1. e4 c5 2. Nf3 e6 3. d4 cxd4 4. Nxd4 Nf6 5. Nc3 Nc6 6. Bg5 d6 7. Qd2 a6 8.
O-O-O Bd7 9. f4 b5 10. Nf3 b4 11. Bxf6 gxf6 12. Ne2 h5 13. Kb1 Qb6 14. h4 O-O-O
15. Ng3 Be7 16. Nd4 Rdg8 17. Nxc6 Bxc6 18. Qd3 Kb7 19. f5 e5 20. Be2 d5 21. Qb3
dxe4 22. Qxf7 Qc5 23. Rh3 Rd8 24. Rhh1 Rd4 25. Rxd4 exd4 26. Qe6 Qd6 27. Qxd6
Bxd6 28. Nxh5 Be5 29. Rh3 e3 30. g3 Be4 31. Rh2 Rg8 32. Bd3 Bf3 33. Be2 Bg4 34.
Bxg4 Rxg4 35. Kc1 Kc6 36. Kd1 Kd5 37. Ke2 Ke4 38. Rh1 Rg8 39. Rf1 Rc8 0-1

[Event "3MCR_4D_2LB_4S"]
[Site "?"]
[Date "1999.??.??"]
[Round "4"]
[White "Turner, Jan"]
[Black "Glaser, Karel"]
[Result "0-1"]
[WhiteElo "2200"]
[BlackElo "1865"]
[PlyCount "86"]
[EventDate "1999.??.??"]
[EventType "corr"]

1. g3 e6 2. Bg2 Nf6 3. Nf3 d5 4. O-O Bd6 5. d3 O-O 6. Nbd2 c5 7. e4 Nc6 8. Re1
dxe4 9. dxe4 e5 10. Nc4 Bc7 11. Qxd8 Rxd8 12. Bg5 Be6 13. Ne3 Rd6 14. Bxf6 gxf6
15. Nh4 Rad8 16. Nd5 Ba5 17. Red1 Kh8 18. c4 Bg4 19. Bf3 Be6 20. Kg2 Nd4 21.
Rac1 Kg7 22. g4 a6 23. b3 Kh8 24. Kg3 Bc8 25. Ng2 f5 26. exf5 Bxf5 27. Rxd4
cxd4 28. b4 e4 29. Bd1 Bb6 30. Ngf4 Be6 31. c5 Bxd5 32. cxd6 Bxa2 33. Ra1 Bc4
34. Rc1 Bb5 35. Bb3 Rxd6 36. Nd5 d3 37. Rc8+ Kg7 38. Kf4 Ba4 39. Ne7 Rf6+ 40.
Ke5 Bxb3 41. Rg8+ Kh6 42. Kxf6 Bd4+ 43. Kf5 Be6+ 0-1

[Event "3MCR_4D_2LB_4S"]
[Site "?"]
[Date "1999.??.??"]
[Round "4"]
[White "Lehovcova, Jana"]
[Black "Jirk, Ales"]
[Result "0-1"]
[WhiteElo "1600"]
[BlackElo "1800"]
[PlyCount "66"]
[EventDate "1999.??.??"]
[EventType "corr"]

1. e4 e6 2. d4 d5 3. Nc3 Nf6 4. Bg5 Be7 5. e5 Nfd7 6. Bxe7 Qxe7 7. f4 O-O 8.
Nf3 c5 9. Qd2 Nc6 10. dxc5 f6 11. exf6 Nxf6 12. O-O-O Qxc5 13. Bd3 Bd7 14. g3
a6 15. Na4 Qa7 16. Rde1 b5 17. Nc3 b4 18. Nd1 a5 19. h4 a4 20. Kb1 Rfc8 21. h5
b3 22. a3 Ne4 23. Qg2 bxc2+ 24. Bxc2 Nd4 25. Bxe4 dxe4 26. Nxd4 Qxd4 27. Nc3
Rxc3 28. bxc3 Rb8+ 29. Kc1 Qxc3+ 30. Qc2 Qa1+ 31. Kd2 Qd4+ 32. Kc1 e3 33. Qa2
Qc3+ 0-1

[Event "3MCR_4D_2LB_4S"]
[Site "?"]
[Date "1999.??.??"]
[Round "4"]
[White "Kolomaznik, Milan"]
[Black "Lehovcova, Jana"]
[Result "1-0"]
[WhiteElo "1800"]
[BlackElo "1600"]
[PlyCount "85"]
[EventDate "1999.??.??"]
[EventType "corr"]

1. c4 c5 2. Nc3 Nf6 3. Nf3 d5 4. d4 e6 5. Bd2 Nc6 6. cxd5 exd5 7. e3 c4 8. b3
Bb4 9. bxc4 Bxc3 10. Bxc3 dxc4 11. Bxc4 Ne4 12. Qc2 Bf5 13. Bd3 Nxc3 14. Qxc3
Bxd3 15. Qxd3 Qa5+ 16. Qd2 Qxd2+ 17. Kxd2 O-O 18. Rhc1 Rfd8 19. Rab1 Rab8 20.
Ke2 f6 21. Nd2 Rd7 22. Rxc6 Re8 23. Rc4 Kf7 24. Kf3 Ke6 25. Rbc1 f5 26. Rc7
Red8 27. Nb3 Kd6 28. Rxd7+ Rxd7 29. Kf4 Rf7 30. Nc5 g6 31. h4 b6 32. Na6 Re7
33. f3 h6 34. e4 Rf7 35. Rc7 Rxc7 36. Nxc7 Kxc7 37. g4 fxe4 38. fxe4 Kd6 39. h5
gxh5 40. gxh5 Ke6 41. d5+ Kd6 42. Kf5 a5 43. e5+ 1-0

[Event "3MCR_4D_2LB_4S"]
[Site "?"]
[Date "1999.??.??"]
[Round "4"]
[White "Prochazka, David"]
[Black "Jech, Milos"]
[Result "1-0"]
[WhiteElo "1800"]
[BlackElo "1800"]
[PlyCount "73"]
[EventDate "1999.??.??"]
[EventType "corr"]

1. d4 Nf6 2. Nf3 d5 3. Bf4 e6 4. e3 c5 5. Nbd2 Nc6 6. c3 Be7 7. h3 O-O 8. Bd3
cxd4 9. exd4 Bd7 10. O-O Rc8 11. Ne5 Be8 12. Re1 Bd6 13. Bg5 h6 14. Bh4 Be7 15.
f4 a6 16. a4 Qb6 17. Rb1 Bd8 18. Nb3 Nxe5 19. fxe5 Ne4 20. Bxd8 Rxd8 21. a5 Qc7
22. Bxe4 dxe4 23. Nc5 Rd5 24. b4 Bc6 25. Qg4 Rxc5 26. bxc5 Qxa5 27. Re3 Qc7 28.
Rg3 g6 29. Rf1 Kh7 30. Qh4 Rg8 31. Qf6 Rg7 32. Rf4 Qa5 33. Kh2 Qa1 34. Qd8 Qc1
35. Rf6 h5 36. Qe7 Qh6 37. Rxf7 1-0

[Event "3MCR_4D_2LB_4S"]
[Site "?"]
[Date "1999.??.??"]
[Round "4"]
[White "Zvolanek, Jan"]
[Black "Rachunek, Martin"]
[Result "0-1"]
[WhiteElo "1800"]
[BlackElo "2000"]
[PlyCount "100"]
[EventDate "1999.??.??"]
[EventType "corr"]

1. d4 Nf6 2. c4 e6 3. Nc3 Bb4 4. Qc2 c5 5. dxc5 O-O 6. Bf4 Na6 7. Bd6 Re8 8. a3
Qa5 9. Rb1 Bxc3+ 10. bxc3 Qxa3 11. f3 Nxc5 12. Rb4 Qa5 13. Rb5 Qa1+ 14. Rb1 Qa4
15. Qxa4 Nxa4 16. Ra1 b5 17. cxb5 Nxc3 18. e4 Bb7 19. Bb4 Rec8 20. Kd2 Ncxe4+
21. fxe4 Nxe4+ 22. Ke3 Nf6 23. Be1 Rc2 24. Nf3 Nd5+ 25. Kd3 Rb2 26. Nd4 g6 27.
Bc3 Nf4+ 28. Ke3 Nxg2+ 29. Bxg2 Rxg2 30. Ne2 e5 31. Rag1 Rxg1 32. Rxg1 d5 33.
Bb4 d4+ 34. Kd3 Bc8 35. Bd6 Bd7 36. Kc4 Rc8+ 37. Bc5 Rb8 38. Rb1 Rb7 39. Bd6 f6
40. Ng3 Kf7 41. Bc5 Ke6 42. Ne4 a6 43. b6 Bb5+ 44. Kb4 Bd3 45. Re1 a5+ 46. Kxa5
Bxe4 47. Rxe4 Kd5 48. Re1 Kxc5 49. Rc1+ Kd5 50. Ka6 Rxb6+ 0-1

[Event "3MCR_4D_2LB_4S"]
[Site "?"]
[Date "1999.??.??"]
[Round "4"]
[White "Chvojka, Jaroslav"]
[Black "Pech, Jaroslav st"]
[Result "1-0"]
[WhiteElo "2065"]
[BlackElo "2000"]
[PlyCount "81"]
[EventDate "1999.??.??"]
[EventType "corr"]

1. d4 d6 2. e4 Nf6 3. Nc3 g6 4. f4 Bg7 5. Nf3 O-O 6. Bd3 Na6 7. e5 Nd7 8. O-O
c5 9. Bxa6 bxa6 10. dxc5 Nxc5 11. Be3 Rb8 12. b3 Bb7 13. Bxc5 dxc5 14. Qe2 Qa5
15. Qe3 Rfd8 16. Na4 Rbc8 17. Rad1 e6 18. c4 Bf8 19. Ng5 Qc7 20. Ne4 Bxe4 21.
Qxe4 Rxd1 22. Rxd1 Rd8 23. Rd3 Be7 24. Kf2 Kf8 25. Nc3 Rxd3 26. Qxd3 h5 27. Ne4
Qa5 28. Qd2 Qxd2+ 29. Nxd2 h4 30. Ne4 Ke8 31. Kf3 Kd7 32. Kg4 a5 33. a4 a6 34.
Nf6+ Bxf6 35. exf6 Kd6 36. Kxh4 e5 37. fxe5+ Kxe5 38. Kg5 Kd4 39. Kh6 Kc3 40.
Kg7 Kxb3 41. Kxf7 1-0

[Event "3MCR_4D_2LB_4S"]
[Site "?"]
[Date "1999.??.??"]
[Round "4"]
[White "Chvojka, Jaroslav"]
[Black "Zvolanek, Jan"]
[Result "1-0"]
[WhiteElo "2065"]
[BlackElo "1800"]
[PlyCount "121"]
[EventDate "1999.??.??"]
[EventType "corr"]

1. d4 Nf6 2. c4 c5 3. d5 e5 4. Nc3 d6 5. e4 Be7 6. Be2 O-O 7. a3 Ne8 8. b4 b6
9. Nf3 g6 10. O-O f5 11. Bh6 Ng7 12. bxc5 bxc5 13. Qd2 f4 14. Rab1 g5 15. Ne1
Nd7 16. f3 Ba6 17. Nc2 Qa5 18. a4 Rfb8 19. Na3 Ne8 20. Rxb8 Rxb8 21. Nab5 Bxb5
22. axb5 Kf7 23. h4 gxh4 24. Rb1 Kg6 25. Bxf4 exf4 26. Qxf4 Nef6 27. Qc1 Qd8
28. Ra1 Ra8 29. Qf4 Kg7 30. Qxh4 Kh8 31. Qh3 Ne8 32. Ra3 Bf6 33. Nd1 Bd4+ 34.
Kf1 Nc7 35. Ne3 a6 36. Nc2 Be5 37. bxa6 Rxa6 38. Rxa6 Nxa6 39. Ne3 Nb4 40. g3
Nf6 41. Nf5 Qa8 42. Qh6 Ng8 43. Qd2 Qd8 44. g4 Ne7 45. Qg5 Nec6 46. dxc6 Qxg5
47. c7 Qg8 48. Ne7 d5 49. Nxg8 Bxc7 50. Nf6 dxc4 51. Bxc4 Be5 52. Nd7 Bd4 53.
Ke2 Nc6 54. f4 Kg7 55. e5 Kg6 56. Nf8+ Kh6 57. g5+ Kh5 58. Kf3 Nxe5+ 59. fxe5
Bxe5 60. Nxh7 Kg6 61. Bd3+ 1-0

[Event "3MCR_4D_2LB_4S"]
[Site "?"]
[Date "1999.??.??"]
[Round "4"]
[White "Kolomaznik, Milan"]
[Black "Dopita, Bedrich"]
[Result "0-1"]
[WhiteElo "1800"]
[BlackElo "1800"]
[PlyCount "78"]
[EventDate "1999.??.??"]
[EventType "corr"]

1. c4 e5 2. Nf3 Nc6 3. d4 e4 4. d5 exf3 5. dxc6 fxg2 6. cxd7+ Qxd7 7. Qxd7+
Bxd7 8. Bxg2 O-O-O 9. O-O g6 10. Nc3 Bg7 11. Bg5 f6 12. Be3 Kb8 13. Rfd1 Ne7
14. Rd2 Be6 15. Rad1 Rxd2 16. Rxd2 Nf5 17. Bh3 Bxc4 18. Bxf5 gxf5 19. Rd7 Rg8
20. Kf1 Kc8 21. Rd4 Bf7 22. Nd5 Re8 23. Bf4 Re4 24. Rxe4 fxe4 25. Ne7+ Kd7 26.
Nf5 Bf8 27. b3 Be6 28. Nd4 c6 29. e3 Bd6 30. Bxd6 Kxd6 31. Kg2 a6 32. Kg3 c5
33. Ne2 Ke5 34. Kh4 Bf7 35. Kg4 b5 36. Nc3 b4 37. Ne2 a5 38. f3 exf3 39. Kxf3
Bh5+ 0-1

[Event "3MCR_4D_2LB_4S"]
[Site "?"]
[Date "1999.??.??"]
[Round "4"]
[White "Jirusek, Zdenek"]
[Black "Prochazka, David"]
[Result "0-1"]
[WhiteElo "1990"]
[BlackElo "1800"]
[PlyCount "50"]
[EventDate "1999.??.??"]
[EventType "corr"]

1. e4 e5 2. Nf3 Nf6 3. Nc3 Bb4 4. Nxe5 O-O 5. Be2 Re8 6. Nd3 Bxc3 7. dxc3 Nxe4
8. Nf4 d6 9. O-O Nc6 10. c4 Bf5 11. Be3 Ne5 12. Re1 Nf6 13. Nd5 c6 14. Nxf6+
Qxf6 15. Qd2 Qg6 16. f4 Be4 17. g3 Ng4 18. Bxg4 Qxg4 19. Qf2 c5 20. Rad1 Re6
21. Rd2 Rae8 22. c3 h5 23. h4 Rg6 24. Kh2 Bf5 25. Qg2 Rge6 0-1

[Event "3MCR_4D_2LB_4S"]
[Site "?"]
[Date "1999.??.??"]
[Round "4"]
[White "Lehovcova, Jana"]
[Black "Glaser, Karel"]
[Result "0-1"]
[WhiteElo "1600"]
[BlackElo "1865"]
[PlyCount "82"]
[EventDate "1999.??.??"]
[EventType "corr"]

1. e4 e5 2. Nf3 Nc6 3. d4 exd4 4. Nxd4 Bc5 5. Nf5 d5 6. Nxg7+ Kf8 7. Nh5 Qh4 8.
Ng3 Nf6 9. Be2 dxe4 10. b3 Ng4 11. Ba3 Bxa3 12. Nxa3 e3 13. Bxg4 exf2+ 14. Kf1
Bxg4 15. Qd2 Qf6 16. Rb1 Rd8 17. Qxf2 Qxf2+ 18. Kxf2 Rd2+ 19. Kf1 Rg8 20. Ne4
Rd5 21. c4 Ra5 22. Nb5 Bf5 23. Re1 Rxa2 24. Ng3 Bd3+ 25. Kg1 Rg5 26. Nxc7 Re5
27. Rxe5 Nxe5 28. h3 Rb2 29. Nb5 Rxb3 30. Nxa7 Bxc4 31. Kh2 b5 32. Nc8 Bd5 33.
Re1 Rb2 34. Re2 Rxe2 35. Nxe2 Nc4 36. Nc1 b4 37. Kg3 Be4 38. h4 Bc2 39. Kf4 b3
40. Ne2 f5 41. Nd4 b2 0-1

[Event "3MCR_4D_2LB_4S"]
[Site "?"]
[Date "1999.??.??"]
[Round "4"]
[White "Jech, Milos"]
[Black "Dopita, Bedrich"]
[Result "0-1"]
[WhiteElo "1800"]
[BlackElo "1800"]
[PlyCount "68"]
[EventDate "1999.??.??"]
[EventType "corr"]

1. e4 e5 2. Nf3 Nf6 3. Bb5 c6 4. Bc4 d5 5. exd5 cxd5 6. Bb5+ Bd7 7. Bxd7+ Nbxd7
8. O-O Bd6 9. d3 O-O 10. Re1 Re8 11. Nc3 h6 12. Ne2 Qc7 13. Ng3 Bf8 14. Bd2 g6
15. Rc1 Rad8 16. c3 e4 17. Nd4 Nc5 18. Re3 Nxd3 19. Rc2 Ne5 20. Re2 Nc4 21. Bc1
Nd7 22. b3 Nce5 23. c4 dxc4 24. Nxe4 Bg7 25. Nb5 Qb6 26. Nbd6 cxb3 27. Rb2 Nc5
28. Be3 Nf3+ 29. gxf3 Rxe4 30. fxe4 Bxb2 31. Rxb2 Rxd6 32. Qc1 Nd3 33. Qc8+ Rd8
34. Qc3 Qe6 0-1